| 000 | 00776nam a22002657a 4500 | ||
|---|---|---|---|
| 001 | 6452 | ||
| 003 | FISKH | ||
| 005 | 20250821131912.0 | ||
| 008 | 250505b cb ||||| |||| 00| 0 eng d | ||
| 020 | _a9780439533270 | ||
| 040 |
_aFISKH _beng _cFISKH _dFISKH |
||
| 050 | _aPZ7 | ||
| 082 | _a152.14 | ||
| 100 | _aLeber, Nancy | ||
| 245 |
_aWho Hid? _c Written by Nancy Leber |
||
| 260 |
_aNew York : _bScholastic, _c2003. |
||
| 300 |
_a9 pages : _bcolor illustrations ; _c21 cm |
||
| 505 | _aaa | ||
| 520 | _aThese beautiful and interactive vocabualary books help kids discovered the names of their favourite animals. | ||
| 521 | 8 |
_a20
_bLexile |
|
| 521 | 8 |
_aaa _bRaz-Plus |
|
| 650 |
_aAnimals & Camouflage _vAnimals |
||
| 942 |
_2ddc _cBK _n0 |
||
| 999 |
_c6452 _d6452 |
||